Γενετική διαφοροποίηση των ανθρώπινων πληθυσμών και κοινωνικές κατασκευές : διπλωματική εργασία [πτυχιακή]

Saved in:
Bibliographic Details
Main Author: Λυχναρόπουλος, Κωνσταντίνος
Corporate Author: Πανεπιστήμιο Αιγαίου. Σχολή Περιβάλλοντος. Τμήμα Περιβάλλοντος
Other Authors: Θεοδώρου, Κωνσταντίνος (Thesis advisor)
Format: Thesis Book
Language:Greek
Published: 2014
Subjects:
Online Access:http://hdl.handle.net/11610/10533
Tags: Add Tag
No Tags, Be the first to tag this record!

MARC

LEADER 00000cam a2200000 i 4500
001 1/64031
008 150119s2014 gre d
035 |l 10120515 
040 |a GR-MY-UA  |b gre  |e aacr 
041 0 |a gre 
082 0 |a 304.5  |2 (22) 
100 1 |a Λυχναρόπουλος, Κωνσταντίνος. 
245 1 0 |a Γενετική διαφοροποίηση των ανθρώπινων πληθυσμών και κοινωνικές κατασκευές :  |b διπλωματική εργασία [πτυχιακή] /  |c Λυχναρόπουλος Κωνσταντίνος ; υπεύθυνος καθηγητής: Κωνσταντίνος Θεοδώρου 
260 |c 2014 
300 |a 77 σ.;  |b εικ.;  |c 30 εκ. 
502 |a Πτυχιακή εργασία – Πανεπιστήμιο Αιγαίου, Λέσβος, 2014. 
504 |a Βιβλιογραφία: σ. 70-77 
650 0 0 |a Genetics, Human. 
650 0 0 |a Genetics  |x Social aspects. 
650 0 0 |a Dissertations, Academic  |z Greece. 
700 1 |4 ths  |a Θεοδώρου, Κωνσταντίνος. 
710 2 |a Πανεπιστήμιο Αιγαίου.   |b Σχολή Περιβάλλοντος.   |b Τμήμα Περιβάλλοντος. 
852 |a INST  |b LESVOS  |c DIATR  |e 20150119  |h 1635  |p 005100056285  |q 005100056285  |t DIE  |y 23 
852 |a INST  |b LESVOS  |c DIATR  |e 20150119  |h 1636  |p 005100056284  |q 005100056284  |t DIE  |y 23 
856 |u http://hdl.handle.net/11610/10533 
901 |a BIBL1-2015-1 
909 |a Λ  |b 191500 
909 |a Λ  |b 191501 
924 |a ΛΥΧΝΑΡΟΠΟΥΛΟΣ  |b ΚΩΝΣΤΑΝΤΙΝΟΣ  |y ΛΕΣΒΟΣ  |z 2015-01 
970 |a ΤΖΑΦΕΡΗ  |b ΕΥΑΓΓΕΛΙΑ  |z 2015/01/19